Les paires de chaussure les plus vendus au monde - Statistiques

Statistiques générales
  • Ce quiz a été pris 143 fois
  • Le résultat moyen est 2 sur 10
Statistiques - réponses
Réponses % Correct
10 Adidas NMD
61%
6 Nike Air Jordan 1
44%
2 Nike Air Max
43%
3 Converse
28%
4 Air Jordan 11
5%
5 Nike air Huarache
5%
1 Nike Tanjun
3%
8 Nike Flex
2%
9 Vans Old Skool
2%
7 Yeezy Boost
1%
Aucun quiz correspondant
Distribution des résultats
% des personnes avec chaque résultat
Percentile par nombre de réponses
Votre historique - résultats
Vous n’avez pas pris ce quiz